| 000 | 00652nam a2200229 i 4500 | ||
|---|---|---|---|
| 001 | 73367 | ||
| 003 | ES-MaACL | ||
| 005 | 20230906171758.0 | ||
| 007 | t| | ||
| 008 | 041005s2004 sp ||||1| spa d | ||
| 020 | _a84-306-0543-6 | ||
| 080 | _a929 Avia, Amalia | ||
| 100 | 1 |
_aAvia, Amalia. _924034 |
|
| 245 | 1 | 0 |
_aDe puertas adentro _b: memorias / _cAmalia Avia. |
| 260 |
_a[Madrid] : _bTaurus, _c[2004] |
||
| 300 |
_a390 p. : _bil. ; _c24 cm. |
||
| 490 | 1 | _aMemorias y biografías | |
| 600 | 1 | 4 |
_aAvia, Amalia- _xBiografías. _924035 |
| 830 | 0 |
_aMemorias y biografías _9183047 |
|
| 852 |
_aES-MaACL _jL-28162 _bR.134069 |
||
| 999 |
_c73367 _d73367 |
||